[Event "Xtracon Grand Master 2015"]
[Site "Koge"]
[Date "2015.10.12"]
[Round "1"]
[White "Fier, Alexandr"]
[Black "Moe, Mogens"]
[Result "1-0"]
[WhiteElo "2624"]
[BlackElo "2082"]
[PlyCount "93"]
[EventDate "2015.??.??"]

1. d4 Nf6 2. c4 g6 3. Nc3 d5 4. Nf3 Bg7 5. h4 c6 6. Bg5 Bf5 7. Qb3 dxc4 8. Qxb7
Nbd7 9. Qxc6 Rc8 10. Qa6 Qc7 11. Nd2 O-O 12. e4 Nxe4 13. Ndxe4 Bxe4 14. Nxe4
Bxd4 15. Qa3 c3 16. bxc3 Qe5 17. cxd4 Qxd4 18. Rd1 Qxe4+ 19. Qe3 Qb4+ 20. Qd2
Qe4+ 21. Be3 Nf6 22. Qd4 Qc6 23. Bh6 Rfe8 24. Rh3 Qe6+ 25. Re3 Qxa2 26. Ra1 Qc2
27. Bd3 Qc6 28. Kf1 Qc7 29. Bf4 Qb7 30. Ba6 Qd5 31. Qxd5 Nxd5 32. Bxc8 Nxe3+
33. Bxe3 Rxc8 34. Rxa7 Kf8 35. Ke2 f6 36. g4 Kf7 37. Kd3 Ke6 38. Ra5 Kf7 39.
Bc5 h5 40. gxh5 gxh5 41. Bb4 e5 42. Ra6 Rg8 43. f3 Rg1 44. Ke4 Rh1 45. Kf5 Rxh4
46. Rxf6+ Kg8 47. Bd6 1-0

[Event "Xtracon Grand Master 2015"]
[Site "Koge"]
[Date "2015.10.12"]
[Round "1"]
[White "Chittka, Julius"]
[Black "Korneev, Oleg"]
[Result "1/2-1/2"]
[WhiteElo "2053"]
[BlackElo "2594"]
[PlyCount "65"]
[EventDate "2015.??.??"]

1. d4 d5 2. c4 e6 3. Nc3 c6 4. e4 dxe4 5. Nxe4 Bb4+ 6. Bd2 Qxd4 7. Bxb4 Qxe4+
8. Ne2 Na6 9. Bf8 Ne7 10. Bxg7 Rg8 11. Bc3 Nc5 12. Qd4 Qxd4 13. Bxd4 Nd7 14.
Ng3 c5 15. Bc3 b6 16. Bd3 Bb7 17. f3 f5 18. Kf2 Kf7 19. Rhe1 Rad8 20. Rad1 Nf6
21. Ne2 Ng6 22. Bc2 h5 23. Ng1 Bc8 24. Nh3 Nh7 25. Ba4 h4 26. a3 Ba6 27. b3 Ke7
28. Bc6 Rd6 29. Rxd6 Kxd6 30. Rxe6+ Kxe6 31. Bd5+ Ke7 32. Bxg8 Nf6 33. Bxf6+
1/2-1/2

[Event "Xtracon Grand Master 2015"]
[Site "Koge"]
[Date "2015.10.12"]
[Round "1"]
[White "Chatalbashev, Boris"]
[Black "Andersen, Bjarne Hjorth"]
[Result "1-0"]
[WhiteElo "2550"]
[BlackElo "2037"]
[PlyCount "41"]
[EventDate "2015.??.??"]

1. d4 Nf6 2. c4 g6 3. Nc3 d5 4. Bf4 Bg7 5. e3 c5 6. dxc5 Qa5 7. Rc1 Ne4 8. cxd5
Nxc3 9. Qd2 Qxc5 10. bxc3 O-O 11. e4 Nd7 12. Nf3 Nf6 13. Bd3 Bg4 14. Ne5 h5 15.
O-O Rfd8 16. h3 Bc8 17. c4 Qd4 18. Rfe1 Nd7 19. Nf3 Qb2 20. Qe3 Ne5 21. Bxe5
1-0

[Event "Xtracon Grand Master 2015"]
[Site "Koge"]
[Date "2015.10.12"]
[Round "1"]
[White "Nielsen, Jan Mose"]
[Black "Rozentalis, Eduardas"]
[Result "0-1"]
[WhiteElo "2014"]
[BlackElo "2541"]
[PlyCount "34"]
[EventDate "2015.??.??"]

1. d4 Nf6 2. Bg5 d5 3. Nc3 c6 4. Nf3 Ne4 5. h4 Bf5 6. Nxe4 dxe4 7. Nh2 Qb6 8.
g4 Be6 9. Bc1 Bd5 10. e3 e5 11. Bg2 Nd7 12. a4 Bd6 13. Nf1 O-O 14. a5 Qc7 15.
b3 Rfe8 16. Bb2 exd4 17. Bxd4 Ne5 0-1

[Event "Xtracon Grand Master 2015"]
[Site "Koge"]
[Date "2015.10.12"]
[Round "1"]
[White "Maiorov, Nikita"]
[Black "Larsen, Ulrik"]
[Result "1-0"]
[WhiteElo "2538"]
[BlackElo "1996"]
[PlyCount "69"]
[EventDate "2015.??.??"]

1. d4 d5 2. c4 e6 3. Nf3 c5 4. cxd5 exd5 5. e3 Nf6 6. Be2 Nc6 7. O-O Bd6 8.
dxc5 Bxc5 9. Nc3 O-O 10. b3 a6 11. Bb2 Re8 12. Rc1 Ba7 13. Na4 Ne4 14. Nd4 Ne5
15. Qc2 Qh4 16. Nc3 Bxd4 17. exd4 Nxc3 18. Bxc3 Ng4 19. h3 Nf6 20. Bf3 Qf4 21.
Qd2 Qh4 22. Rfe1 Bf5 23. Re5 Rxe5 24. dxe5 Ne4 25. Qe3 Rc8 26. Be1 Rd8 27. Qb6
Re8 28. Qxb7 Bxh3 29. Rc7 Be6 30. Qxa6 Ng5 31. Qe2 Qf4 32. Bh5 d4 33. Bd2 d3
34. Bxf4 dxe2 35. Bxe2 1-0

[Event "Xtracon Grand Master 2015"]
[Site "Koge"]
[Date "2015.10.12"]
[Round "1"]
[White "Nielsen, Morten Majlund"]
[Black "Blomqvist, Erik"]
[Result "0-1"]
[WhiteElo "1980"]
[BlackElo "2530"]
[PlyCount "60"]
[EventDate "2015.??.??"]

1. e4 c5 2. Nf3 e6 3. d4 cxd4 4. Nxd4 a6 5. Bd3 Bc5 6. Nb3 Be7 7. Nc3 d6 8. Be3
Nf6 9. f4 Nc6 10. Qf3 Qc7 11. g4 b5 12. g5 Nd7 13. O-O-O Bb7 14. Rhe1 Rc8 15.
Bd4 Nxd4 16. Nxd4 Nc5 17. Kb1 g6 18. h4 b4 19. Nce2 Nxd3 20. cxd3 Qb6 21. h5
Kd7 22. Qg4 Kc7 23. hxg6 hxg6 24. Nxe6+ fxe6 25. Qxe6 Bd8 26. Qxg6 Kb8 27. f5
Rh2 28. f6 Qe3 29. Nc1 Rxc1+ 30. Rxc1 Qd2 0-1

[Event "Xtracon Grand Master 2015"]
[Site "Koge"]
[Date "2015.10.12"]
[Round "1"]
[White "Danielsen, Henrik"]
[Black "Jacobsen, Heidrikur T"]
[Result "1-0"]
[WhiteElo "2509"]
[BlackElo "1963"]
[PlyCount "59"]
[EventDate "2015.??.??"]

1. Nf3 Nf6 2. d4 e6 3. c4 d5 4. g3 c6 5. Bg2 Be7 6. O-O O-O 7. Nc3 Nbd7 8. Qc2
Re8 9. e4 Nxe4 10. Nxe4 dxe4 11. Qxe4 Nf6 12. Qe2 c5 13. Be3 Qc7 14. Rfd1 Bd6
15. dxc5 Bxc5 16. Bxc5 Qxc5 17. Ne5 Qc7 18. Rd4 Nd7 19. Nxd7 Bxd7 20. Rad1 Re7
21. Qd2 Be8 22. Rd8 Rxd8 23. Qxd8 Qxd8 24. Rxd8 Kf8 25. Ra8 Rd7 26. Bf3 a6 27.
c5 Rc7 28. b4 Ke7 29. Ra7 Bb5 30. Rxb7 1-0

[Event "Xtracon Grand Master 2015"]
[Site "Koge"]
[Date "2015.10.12"]
[Round "1"]
[White "Hansen, Lars Henrik Bech"]
[Black "Miezis, Normunds"]
[Result "0-1"]
[WhiteElo "1956"]
[BlackElo "2494"]
[PlyCount "48"]
[EventDate "2015.??.??"]

1. e4 c5 2. Nf3 e6 3. d4 cxd4 4. Nxd4 a6 5. Bd3 Nc6 6. Nxc6 dxc6 7. O-O e5 8.
b3 Nf6 9. Bb2 Bd6 10. Nd2 b5 11. a4 Rb8 12. axb5 cxb5 13. Qe2 O-O 14. c4 Qb6
15. Nf3 Re8 16. Rfd1 Bg4 17. h3 Bh5 18. g4 Nxg4 19. hxg4 Bxg4 20. cxb5 axb5 21.
Kg2 Re6 22. Qd2 Bb4 23. Qe3 Bc5 24. Qd2 Bxf3+ 0-1

[Event "Xtracon Grand Master 2015"]
[Site "Koge"]
[Date "2015.10.12"]
[Round "1"]
[White "Pondal, Jesper"]
[Black "Okhotnik, Vladimir"]
[Result "0-1"]
[WhiteElo "1953"]
[BlackElo "2448"]
[PlyCount "74"]
[EventDate "2015.??.??"]

1. d4 g6 2. Nf3 Bg7 3. g3 c5 4. c3 cxd4 5. cxd4 d5 6. Bg2 Nf6 7. O-O O-O 8. Nc3
Nc6 9. a3 Bf5 10. Nh4 Bg4 11. h3 Be6 12. e3 Rc8 13. Bd2 Ne4 14. Nxe4 dxe4 15.
Bxe4 Bxh3 16. Re1 Qd7 17. Bc3 Rfd8 18. Qe2 Bg4 19. Bf3 Bxf3 20. Nxf3 Qh3 21.
Qf1 Qg4 22. Qg2 Rd7 23. Rac1 Rcd8 24. Rc2 Qe4 25. Rec1 Rd5 26. Ne1 Qg4 27. Nd3
e5 28. e4 Rxd4 29. f3 Qe6 30. Bxd4 Nxd4 31. Rc3 Bh6 32. Nc5 Qb6 33. Rb1 Nb5 34.
Qc2 Rd2 35. Qb3 Nxc3 36. Qxc3 Qd6 37. Nxb7 Qd7 0-1

[Event "Xtracon Grand Master 2015"]
[Site "Koge"]
[Date "2015.10.12"]
[Round "1"]
[White "Bekker Jensen, Simon"]
[Black "Bojesen, Villads Ussing"]
[Result "1-0"]
[WhiteElo "2438"]
[BlackElo "1929"]
[PlyCount "111"]
[EventDate "2015.??.??"]

1. d4 Nf6 2. c4 Nc6 3. Nc3 e5 4. d5 Ne7 5. Nf3 Ng6 6. h4 h5 7. Bg5 Bb4 8. Qc2
Bxc3+ 9. Qxc3 d6 10. Nd2 Bf5 11. e4 Bg4 12. c5 O-O 13. Bb5 Qe7 14. Rc1 Nf4 15.
g3 a6 16. Bf1 Ng6 17. Bg2 dxc5 18. Qxc5 Qxc5 19. Rxc5 Rac8 20. O-O Ne7 21. Rfc1
c6 22. Nc4 cxd5 23. Nxe5 dxe4 24. Bxf6 gxf6 25. Nxg4 hxg4 26. Bxe4 Rxc5 27.
Rxc5 b6 28. Rc7 Ng6 29. Bxg6 fxg6 30. Rc6 Kf7 31. Rxb6 Ra8 32. a4 a5 33. Rb5
Ke6 34. Kg2 Ra6 35. f3 gxf3+ 36. Kxf3 Kf7 37. g4 Kg7 38. g5 fxg5 39. hxg5 Kf7
40. Ke4 Ke7 41. Kd5 Kd7 42. Kc4 Kd6 43. b3 Rc6+ 44. Kd4 Ra6 45. Rb7 Ke6 46. Ke4
Kd6 47. Rf7 Kc5 48. Rf6 Ra7 49. Rxg6 Re7+ 50. Kd3 Rd7+ 51. Kc3 Rh7 52. Rh6 Rf7
53. Rf6 Rh7 54. Rf5+ Kb6 55. Rb5+ Ka6 56. Kd4 1-0

[Event "Xtracon Grand Master 2015"]
[Site "Koge"]
[Date "2015.10.12"]
[Round "1"]
[White "Anghel, Mihai Ursta"]
[Black "Kristiansen, Jens"]
[Result "0-1"]
[WhiteElo "1929"]
[BlackElo "2431"]
[PlyCount "60"]
[EventDate "2015.??.??"]

1. e4 g6 2. d4 Bg7 3. Nc3 d6 4. f4 Nf6 5. Nf3 O-O 6. Bc4 Nxe4 7. Nxe4 d5 8. Bd3
dxe4 9. Bxe4 Nd7 10. Ne5 Nf6 11. Bf3 c5 12. Be3 Nd5 13. Bc1 cxd4 14. Qxd4 Be6
15. b3 Qc7 16. Bxd5 Bxd5 17. O-O Rad8 18. Qf2 f6 19. Ng4 Be4 20. c4 Bd3 21. Re1
e5 22. fxe5 fxe5 23. Qg3 h5 24. Nf2 Bf5 25. Bb2 Rfe8 26. Re2 Qa5 27. Rae1 Re6
28. Bxe5 Rde8 29. Nd3 Bxd3 30. Bc3 Qc5+ 0-1

[Event "Xtracon Grand Master 2015"]
[Site "Koge"]
[Date "2015.10.12"]
[Round "1"]
[White "Hagen, Andreas Skytte"]
[Black "Smidt Nielsen, Henrik"]
[Result "1-0"]
[WhiteElo "2396"]
[BlackElo "1908"]
[PlyCount "67"]
[EventDate "2015.??.??"]

1. d4 d5 2. c4 c6 3. Nf3 Nf6 4. Nc3 Bf5 5. cxd5 cxd5 6. Qb3 Qb6 7. Nxd5 Nxd5 8.
Qxd5 e6 9. Qb3 Qxb3 10. axb3 Nc6 11. e3 Bb4+ 12. Bd2 O-O 13. Bc3 Rfc8 14. Bb5
Bd6 15. Ke2 a6 16. Bd3 Bxd3+ 17. Kxd3 Nb4+ 18. Bxb4 Bxb4 19. Rhc1 f6 20. Rc4
Bd6 21. Rac1 Rd8 22. Nd2 Kf8 23. Ne4 Ke7 24. g4 g5 25. h4 gxh4 26. Rh1 Rg8 27.
Rxh4 Rg7 28. Rc1 Rag8 29. Rch1 Rh8 30. Rh6 Rf7 31. g5 fxg5 32. Nxg5 Rxf2 33.
Rxe6+ Kd7 34. Rxd6+ 1-0

[Event "Xtracon Grand Master 2015"]
[Site "Koge"]
[Date "2015.10.12"]
[Round "1"]
[White "Martinez Vestergaard, Kristian"]
[Black "Ahlander, Bjorn"]
[Result "0-1"]
[WhiteElo "1891"]
[BlackElo "2378"]
[PlyCount "62"]
[EventDate "2015.??.??"]

1. e4 c5 2. Nc3 d6 3. a4 Nf6 4. Bc4 g6 5. d3 Bg7 6. f4 O-O 7. Nf3 e6 8. Bb3 Nc6
9. O-O d5 10. e5 Nd7 11. Qe1 f6 12. exf6 Nxf6 13. Bd2 Bd7 14. Qh4 Nh5 15. Qxd8
Raxd8 16. g3 Nd4 17. Nxd4 Bxd4+ 18. Kg2 a6 19. a5 Ng7 20. Ba4 Bc8 21. Nd1 Nf5
22. c3 Bf6 23. Re1 Rd6 24. Bc2 b5 25. axb6 Bb7 26. Kg1 Rxb6 27. b3 d4 28. c4
Ne3 29. Bxe3 dxe3 30. Ra5 Bd4 31. Rxe3 e5 0-1

[Event "Xtracon Grand Master 2015"]
[Site "Koge"]
[Date "2015.10.12"]
[Round "1"]
[White "Hoi, Carsten"]
[Black "Wang, Peter"]
[Result "1-0"]
[WhiteElo "2377"]
[BlackElo "1888"]
[PlyCount "114"]
[EventDate "2015.??.??"]

1. d4 e6 2. Nf3 d5 3. c4 c6 4. Nbd2 f5 5. g3 Nf6 6. Bg2 Be7 7. O-O O-O 8. Qc2
Qe8 9. Ne5 Nbd7 10. Nd3 Bd6 11. Nf3 Ne4 12. Nfe5 Nef6 13. b3 Ng4 14. Nxg4 fxg4
15. e4 dxe4 16. Bxe4 Nf6 17. Bg2 Qg6 18. Qe2 Bd7 19. Ne5 Qe8 20. Re1 Bb4 21.
Bd2 Bxd2 22. Qxd2 Rd8 23. Rad1 Bc8 24. Qg5 h6 25. Qe3 Qh5 26. Bf1 Nd7 27. Nd3
Qf5 28. Bg2 Nf6 29. Ne5 Rde8 30. Bf1 Qg5 31. Qxg5 hxg5 32. Re3 Rd8 33. b4 Bd7
34. Be2 a5 35. a3 axb4 36. axb4 b5 37. Nxg4 bxc4 38. Nxf6+ gxf6 39. Bxc4 Kf7
40. Ra1 Ra8 41. Ra5 Ke7 42. d5 cxd5 43. Bxd5 Rxa5 44. bxa5 Kd6 45. Bb7 Bc8 46.
Bxc8 Rxc8 47. Ra3 Ra8 48. a6 Ra7 49. h4 gxh4 50. gxh4 f5 51. f4 e5 52. h5 exf4
53. h6 Kc6 54. h7 Ra8 55. a7 Kb7 56. Rb3+ Kc7 57. Rb8 Rxa7 1-0

[Event "Xtracon Grand Master 2015"]
[Site "Koge"]
[Date "2015.10.12"]
[Round "1"]
[White "Larsen, Preben R"]
[Black "Jacobsen, Mikkel Manosri"]
[Result "0-1"]
[WhiteElo "1844"]
[BlackElo "2331"]
[PlyCount "94"]
[EventDate "2015.??.??"]

1. c4 c6 2. Nc3 d5 3. e3 Nf6 4. Nf3 g6 5. d4 Bg7 6. cxd5 cxd5 7. Bb5+ Bd7 8.
Bxd7+ Nbxd7 9. Qb3 Nb6 10. Qb5+ Qd7 11. O-O O-O 12. Qxd7 Nbxd7 13. Rd1 Rac8 14.
Bd2 Nb6 15. Be1 Nc4 16. Rab1 Rfd8 17. Ne5 e6 18. Nd3 b6 19. Kf1 Ne4 20. Ke2
Nxb2 21. Rdc1 Nxd3 22. Kxd3 Nxc3 23. Bxc3 Rc4 24. Rb3 Rdc8 25. Rcb1 Bf8 26.
R1b2 Bd6 27. h3 h5 28. Bd2 Kg7 29. Bc3 g5 30. Bd2 g4 31. hxg4 hxg4 32. Rc3 e5
33. Rbc2 e4+ 34. Ke2 b5 35. Rxc4 dxc4 36. Rc1 b4 37. Be1 Kf6 38. f3 gxf3+ 39.
gxf3 Kf5 40. f4 Ke6 41. Kd1 Kd5 42. Kc2 Rh8 43. Bg3 Rg8 44. Rg1 Be7 45. Kb2 Bh4
46. Bf2 Rxg1 47. Bxg1 f5 0-1

[Event "Xtracon Grand Master 2015"]
[Site "Koge"]
[Date "2015.10.12"]
[Round "1"]
[White "Nielsen, Hogni Egilstoft"]
[Black "Molvig, Julius"]
[Result "0-1"]
[WhiteElo "2314"]
[BlackElo "1879"]
[PlyCount "54"]
[EventDate "2015.??.??"]

1. e4 c5 2. Nf3 e6 3. c3 Nc6 4. d4 d5 5. exd5 Qxd5 6. Be3 cxd4 7. cxd4 Nf6 8.
Nc3 Qd8 9. Be2 Be7 10. O-O O-O 11. Rc1 Nb4 12. Ne5 Nbd5 13. Bf3 Ne8 14. Nxd5
exd5 15. Qb3 Nf6 16. Bg5 Qa5 17. Rfe1 Qb4 18. Qe3 Be6 19. Nd3 Qb6 20. Nf4 Ng4
21. Nxd5 Bxd5 22. Bxg4 Bxg5 23. Qxg5 Rad8 24. b3 Qxd4 25. Rcd1 Qb4 26. Qe7 Qxg4
27. Qxd8 Qxg2# 0-1

[Event "Xtracon Grand Master 2015"]
[Site "Koge"]
[Date "2015.10.12"]
[Round "1"]
[White "Andersen, Daniel"]
[Black "Nielsen, Rogvi Egilstoft"]
[Result "0-1"]
[WhiteElo "1869"]
[BlackElo "2301"]
[PlyCount "38"]
[EventDate "2015.??.??"]

1. c4 Nf6 2. Nc3 b6 3. e4 e5 4. Nf3 Nc6 5. d4 exd4 6. Nxd4 Nxd4 7. Qxd4 Bc5 8.
Qe5+ Be7 9. Nd5 Nxd5 10. Qxd5 Rb8 11. Be3 Bb7 12. Qd3 Bb4+ 13. Bd2 Bxd2+ 14.
Qxd2 Bxe4 15. O-O-O O-O 16. Qxd7 Qh4 17. Qxc7 Qxf2 18. Rd2 Qe1+ 19. Rd1 Qe3+
0-1

[Event "Xtracon Grand Master 2015"]
[Site "Koge"]
[Date "2015.10.12"]
[Round "1"]
[White "Bekker Jensen, David"]
[Black "Marthedal, Anton Mehmet Yildiz"]
[Result "1-0"]
[WhiteElo "2287"]
[BlackElo "1866"]
[PlyCount "79"]
[EventDate "2015.??.??"]

1. d4 Nf6 2. c4 e6 3. Nc3 Bb4 4. e3 O-O 5. Nge2 Re8 6. a3 Bf8 7. Ng3 d6 8. Bd3
Nc6 9. O-O e5 10. d5 Ne7 11. b4 c6 12. e4 h6 13. f3 Qb6+ 14. Kh1 a5 15. Na4 Qc7
16. Be3 Nd7 17. Qb3 b6 18. dxc6 Nxc6 19. Ne2 Bb7 20. Nac3 axb4 21. Nd5 Na5 22.
Qxb4 Bxd5 23. cxd5 Nc5 24. Bb5 Rec8 25. Rab1 Be7 26. g3 Ra7 27. Kg2 Rca8 28. a4
Bg5 29. Bxg5 hxg5 30. Rh1 Qc8 31. h4 g4 32. f4 exf4 33. gxf4 Re7 34. Ng3 Qb7
35. Rbe1 Rc8 36. Nf5 Rxe4 37. Rxe4 Qxd5 38. Ne7+ Kf8 39. Nxd5 Nxe4 40. Qxe4 1-0

[Event "Xtracon Grand Master 2015"]
[Site "Koge"]
[Date "2015.10.12"]
[Round "1"]
[White "Jensen, Tommy"]
[Black "Percivaldi, Martin"]
[Result "0-1"]
[WhiteElo "1849"]
[BlackElo "2246"]
[PlyCount "64"]
[EventDate "2015.??.??"]

1. Nf3 d5 2. d4 Nf6 3. Bf4 c5 4. c3 Nc6 5. e3 g6 6. Ne5 Bg7 7. Nxc6 bxc6 8. Be5
Qb6 9. Qb3 O-O 10. Qxb6 axb6 11. dxc5 bxc5 12. Nd2 Bf5 13. Be2 Ra7 14. O-O Rfa8
15. a3 c4 16. Bxf6 Bxf6 17. e4 Be6 18. f4 Rb8 19. Rab1 Rab7 20. e5 Bg7 21. b4
cxb3 22. Rb2 f6 23. Nf3 fxe5 24. fxe5 Bg4 25. Nd4 Bxe2 26. Rxe2 c5 27. Ne6 c4
28. Nc5 Ra7 29. Ne6 Rb6 30. Nxg7 Kxg7 31. e6 b2 32. Rb1 Rxa3 0-1

[Event "Xtracon Grand Master 2015"]
[Site "Koge"]
[Date "2015.10.12"]
[Round "1"]
[White "Andreasen, Henrik"]
[Black "Nielsen, Jens Holm"]
[Result "1-0"]
[WhiteElo "2219"]
[BlackElo "1827"]
[PlyCount "99"]
[EventDate "2015.??.??"]

1. d4 d5 2. c4 c6 3. Nf3 Nf6 4. Nc3 Bf5 5. c5 Nbd7 6. Bf4 Nh5 7. Bc1 Qc7 8. e3
Nhf6 9. Be2 h6 10. O-O Bh7 11. b4 Ne4 12. Nxe4 Bxe4 13. Bb2 Bxf3 14. Bxf3 e6
15. a4 Be7 16. Be2 O-O 17. f3 f5 18. Qb3 Nf6 19. g3 Nh5 20. Kg2 Nf6 21. Bd3 Nh5
22. e4 f4 23. e5 g5 24. Bc2 Ng7 25. g4 h5 26. Qd3 Nf5 27. gxf5 exf5 28. Kh1 h4
29. Rg1 Kh8 30. Qf1 Qd7 31. Qh3 Qe6 32. Rg2 Rf7 33. Rag1 Rg8 34. Bc1 Rgg7 35.
Bxf4 gxf4 36. Rxg7 Rxg7 37. Rxg7 Kxg7 38. Bxf5 Qh6 39. Qg4+ Qg5 40. Qxg5+ Bxg5
41. Kg2 b6 42. Bd7 bxc5 43. bxc5 Bd8 44. Bxc6 Ba5 45. Bxd5 Kf8 46. Bc4 Ke7 47.
d5 Bc3 48. d6+ Kd8 49. e6 Bb4 50. e7+ 1-0

[Event "Xtracon Grand Master 2015"]
[Site "Koge"]
[Date "2015.10.12"]
[Round "1"]
[White "Gottschalck, Christian"]
[Black "Doluhanova, Evgeniya"]
[Result "1/2-1/2"]
[WhiteElo "1817"]
[BlackElo "2216"]
[PlyCount "98"]
[EventDate "2015.??.??"]

1. e4 c5 2. b3 e5 3. Nf3 d6 4. c4 Nf6 5. d3 Be7 6. Nc3 O-O 7. Be2 Nc6 8. h3 Ne8
9. g4 Nd4 10. Nxd4 cxd4 11. Nd5 Bh4 12. Bf3 Nf6 13. Qe2 Nxd5 14. cxd5 Bd7 15.
O-O Rc8 16. Ba3 Bb5 17. Rac1 Rxc1 18. Rxc1 Bg5 19. Rc2 Qb6 20. Bc1 Be7 21. Qd2
h6 22. Be2 Bh4 23. Kg2 a5 24. Bf1 Bd7 25. Rc4 Qd8 26. Be2 Bb5 27. Rc2 Qb6 28.
Bf1 Ra8 29. b4 a4 30. a3 Qd8 31. Be2 Rc8 32. Qd1 Rc7 33. Bb2 Bg5 34. Bc1 Qc8
35. Rxc7 Qxc7 36. Bb2 Bf4 37. Qb1 Bd2 38. Bd1 Bc3 39. Bc2 Bxb2 40. Qxb2 Bd7 41.
Bd1 Bb5 42. Qc2 Qxc2 43. Bxc2 Kf8 44. Kg3 Ke7 45. f4 Kf6 46. h4 exf4+ 47. Kxf4
g5+ 48. hxg5+ hxg5+ 49. Kf3 Ke5 1/2-1/2

[Event "Xtracon Grand Master 2015"]
[Site "Koge"]
[Date "2015.10.12"]
[Round "1"]
[White "Eriksson, Christian Altenburg"]
[Black "Rasmussen, Henning"]
[Result "1-0"]
[WhiteElo "2215"]
[BlackElo "1800"]
[PlyCount "73"]
[EventDate "2015.??.??"]

1. e4 c6 2. d4 d5 3. e5 Bf5 4. Nf3 h6 5. Be2 e6 6. O-O c5 7. c4 Nc6 8. Be3 cxd4
9. Nxd4 Bxb1 10. Nxc6 bxc6 11. Qa4 Qc7 12. Raxb1 Ne7 13. Bc5 Nf5 14. Bxf8 Kxf8
15. cxd5 exd5 16. Bg4 Ne7 17. Rfe1 g6 18. Qa3 Kg7 19. Rbc1 Rad8 20. Qf3 Rhf8
21. Qf6+ Kh7 22. h4 c5 23. h5 Ng8 24. Qf3 Qb6 25. b3 f5 26. hxg6+ Qxg6 27. Bh5
Qb6 28. e6 Ne7 29. Bf7 Qd6 30. Qc3 d4 31. Qxc5 Qxc5 32. Rxc5 Rc8 33. Rxc8 Rxc8
34. Rd1 Nc6 35. Bh5 Rd8 36. Rc1 Rc8 37. Rxc6 1-0

[Event "Xtracon Grand Master 2015"]
[Site "Koge"]
[Date "2015.10.12"]
[Round "1"]
[White "Rendlev, Niels Moller"]
[Black "Pedersen, Henrik Dahl"]
[Result "0-1"]
[WhiteElo "1777"]
[BlackElo "2199"]
[PlyCount "42"]
[EventDate "2015.??.??"]

1. g3 d5 2. f4 Nf6 3. d3 c6 4. Nf3 Qb6 5. e3 Bg4 6. Bg2 Nbd7 7. Nc3 e6 8. Bd2
Be7 9. h3 Bxf3 10. Bxf3 O-O 11. Qc1 e5 12. f5 e4 13. dxe4 dxe4 14. Nxe4 Nxe4
15. Bxe4 Rfe8 16. Bd3 Bf6 17. c3 Nc5 18. Qc2 Rad8 19. Bc4 Ne4 20. O-O-O Nxd2
21. Rxd2 Qxe3 0-1

[Event "Xtracon Grand Master 2015"]
[Site "Koge"]
[Date "2015.10.12"]
[Round "1"]
[White "Nielsen, Kai Gylling"]
[Black "Pedersen, Hans Dahl"]
[Result "0-1"]
[WhiteElo "1755"]
[BlackElo "2187"]
[PlyCount "68"]
[EventDate "2015.??.??"]

1. e4 c5 2. Nf3 e6 3. d4 cxd4 4. Nxd4 a6 5. Bd3 Nf6 6. Nd2 Qc7 7. Qe2 d6 8. O-O
Be7 9. c3 Nbd7 10. N2f3 b6 11. Bd2 Bb7 12. Ng5 Nc5 13. f3 h6 14. Nh3 Nxd3 15.
Qxd3 O-O 16. Rfe1 Nd7 17. Rad1 Ne5 18. Qe2 Bf6 19. Bc1 Rac8 20. f4 Nc4 21. b3
Na5 22. e5 Be7 23. Rd3 Nc6 24. exd6 Nxd4 25. dxc7 Nxe2+ 26. Rxe2 Rxc7 27. Be3
b5 28. Red2 Bf6 29. Bd4 Bxd4+ 30. cxd4 Rfc8 31. Re3 a5 32. Nf2 Rc1+ 33. Nd1
R8c2 34. Ree2 Rxd1+ 0-1

[Event "Xtracon Grand Master 2015"]
[Site "Koge"]
[Date "2015.10.12"]
[Round "1"]
[White "Hartung Nielsen, Jens"]
[Black "Stuhr, Finn"]
[Result "1-0"]
[WhiteElo "2183"]
[BlackElo "1753"]
[PlyCount "39"]
[EventDate "2015.??.??"]

1. e4 e5 2. Nf3 Nc6 3. Bb5 a6 4. Ba4 b5 5. Bb3 Nf6 6. d4 exd4 7. e5 Ng4 8. O-O
Be7 9. Bf4 d6 10. Bd5 Qd7 11. Nxd4 Bb7 12. Bxf7+ Kd8 13. Be6 Qe8 14. Bxg4 Nxd4
15. Qxd4 Qg6 16. exd6 cxd6 17. Qb6+ Ke8 18. Qxb7 Rd8 19. Re1 Qf6 20. Nc3 1-0

[Event "Xtracon Grand Master 2015"]
[Site "Koge"]
[Date "2015.10.12"]
[Round "1"]
[White "Tolba, Henri"]
[Black "Henriksen, Kasper"]
[Result "0-1"]
[WhiteElo "1717"]
[BlackElo "2158"]
[PlyCount "102"]
[EventDate "2015.??.??"]

1. e4 e5 2. Nf3 Nc6 3. Bb5 a6 4. Bxc6 dxc6 5. O-O f6 6. d3 Bd6 7. Be3 Ne7 8.
Nbd2 c5 9. Nc4 Be6 10. Nxd6+ cxd6 11. Nd2 Qb6 12. b3 d5 13. f3 d4 14. Bf2 Qc6
15. a4 b5 16. axb5 axb5 17. Rxa8+ Qxa8 18. Qa1 O-O 19. Qb2 Qa5 20. b4 Qxb4 21.
Qxb4 cxb4 22. Rb1 Rc8 23. Rb2 Nc6 24. Kf1 Ra8 25. Nb3 Bxb3 26. cxb3 Kf7 27. Be1
Ke6 28. h4 g6 29. Ke2 Ra1 30. g3 h5 31. Bd2 Kd6 32. Be1 Kc5 33. Bd2 Kb6 34. Be1
Ra3 35. Bd2 Ra1 36. Be1 Rc1 37. Bd2 Rc3 38. Bxc3 dxc3 39. Rb1 Nd4+ 40. Ke3 g5
41. hxg5 fxg5 42. f4 gxf4+ 43. gxf4 Nxb3 44. f5 c2 45. Rf1 Nd4 46. f6 b3 47. f7
b2 48. Rf6+ Ka5 49. f8=Q c1=Q+ 50. Kf2 b1=Q 51. Qa8+ Kb4 0-1

[Event "Xtracon Grand Master 2015"]
[Site "Koge"]
[Date "2015.10.12"]
[Round "1"]
[White "Schou Moldt, Thomas"]
[Black "Bue, Gunnar"]
[Result "1-0"]
[WhiteElo "2144"]
[BlackElo "1640"]
[PlyCount "39"]
[EventDate "2015.??.??"]

1. e4 c5 2. Nf3 e6 3. d4 cxd4 4. Nxd4 a6 5. Bd3 Nc6 6. Nxc6 dxc6 7. O-O Nf6 8.
Nc3 Be7 9. Be3 O-O 10. Qf3 e5 11. h3 Be6 12. a4 b5 13. axb5 axb5 14. Rxa8 Qxa8
15. Qg3 b4 16. Ne2 Nd7 17. f4 Qb8 18. f5 Ba2 19. b3 Nc5 20. f6 1-0

[Event "Xtracon Grand Master 2015"]
[Site "Koge"]
[Date "2015.10.12"]
[Round "1"]
[White "Stage Steffensen, Sander"]
[Black "Molvig, Henrik"]
[Result "0-1"]
[WhiteElo "1515"]
[BlackElo "2125"]
[PlyCount "100"]
[EventDate "2015.??.??"]

1. d4 Nf6 2. c4 g6 3. Nc3 Bg7 4. e4 d6 5. Be3 Ng4 6. Bg5 h6 7. Bh4 Na6 8. h3
Nf6 9. Nf3 O-O 10. Be2 Qe8 11. Bg3 Nh5 12. Bh2 e5 13. dxe5 dxe5 14. Nd2 Nf4 15.
O-O c6 16. Bg4 Ne6 17. a3 Qe7 18. b4 h5 19. Be2 Nd4 20. c5 Rd8 21. Bxa6 bxa6
22. Nc4 Be6 23. Nxe5 Bb3 24. Nxc6 Qe8 25. Qc1 Qxc6 26. Rb1 Bc4 27. Re1 Nb3 28.
Nd5 Bxd5 29. exd5 Qxd5 30. Qd1 Qxd1 31. Rexd1 Nd2 32. Rbc1 Bb2 33. f3 Bxc1 34.
Rxc1 Nb3 35. Rc3 Nd4 36. Kf2 Nc6 37. Bd6 Re8 38. Rc4 Ne5 39. Bxe5 Rxe5 40. c6
Rc8 41. a4 Kf8 42. f4 Rd5 43. Ke3 Ke7 44. Ke4 Kd6 45. g4 hxg4 46. hxg4 Rxc6 47.
Rxc6+ Kxc6 48. f5 gxf5+ 49. gxf5 f6 50. a5 Rb5 0-1

[Event "Xtracon Grand Master 2015"]
[Site "Koge"]
[Date "2015.10.12"]
[Round "1"]
[White "Nielsen, Bjorn"]
[Black "Lauritsen, Niels"]
[Result "0-1"]
[WhiteElo "1358"]
[BlackElo "2109"]
[PlyCount "78"]
[EventDate "2015.??.??"]

1. e4 Nc6 2. Nf3 d5 3. e5 Bg4 4. Be2 Bxf3 5. Bxf3 Nxe5 6. d4 Nxf3+ 7. Qxf3 e6
8. O-O Bd6 9. Bf4 Qf6 10. Bxd6 Qxf3 11. gxf3 cxd6 12. c3 Ne7 13. Nd2 Ng6 14.
Kg2 Nf4+ 15. Kh1 g5 16. b3 Rc8 17. c4 h6 18. Rae1 Kd7 19. Kg1 a6 20. a4 Rc7 21.
Re3 Rhc8 22. Rfe1 Rb8 23. Kf1 b6 24. Kg1 Rcb7 25. Kf1 dxc4 26. Nxc4 Nd5 27.
R3e2 b5 28. Na5 Rc7 29. Kg2 bxa4 30. Ra2 axb3 31. Rb2 Nf4+ 32. Kf1 Nd3 33. Reb1
Nxb2 34. Rxb2 Rb5 35. Rxb3 Rxa5 36. Rb8 Ra2 37. Rh8 Rcc2 38. Rxh6 Rxf2+ 39. Kg1
Rfd2 0-1

[Event "Xtracon Grand Master 2015"]
[Site "Koge"]
[Date "2015.10.12"]
[Round "1"]
[White "Andersen, Rune"]
[Black "Schjolin, John"]
[Result "1-0"]
[WhiteElo "2103"]
[BlackElo "1285"]
[PlyCount "55"]
[EventDate "2015.??.??"]

1. d4 Nf6 2. Nf3 d5 3. c4 e6 4. Nc3 dxc4 5. e3 c6 6. Bxc4 b5 7. Be2 Bb4 8. O-O
O-O 9. Qc2 Nbd7 10. Rd1 Nd5 11. e4 Nxc3 12. bxc3 Bd6 13. c4 a6 14. Be3 f6 15.
cxb5 c5 16. dxc5 Qc7 17. Rxd6 axb5 18. Bxb5 Ne5 19. Nxe5 fxe5 20. a4 h6 21.
Rad1 Rf7 22. Qc3 Kh7 23. Qxe5 Bd7 24. Bxd7 Rxd7 25. Qxe6 Rxd6 26. cxd6 Qc6 27.
Qf5+ Kg8 28. d7 1-0